| 000 | 00691cam a22001697a 4500 | ||
|---|---|---|---|
| 008 | 180718b2011 xxu||||| |||| 00| 0 eng d | ||
| 082 | _aAPPPA 2010-11RAYM | ||
| 100 | _aRay, Amit | ||
| 245 |
_aAdaptation to climate change: can micro insurance act as an instrument in countering the ill effects of climate change in developing countries like India? _cby Amit Ray |
||
| 260 |
_aNew Delhi _bIndian Institute of Public Administration _c2011 |
||
| 300 | _a130p. | ||
| 500 | _aAn APPPA M. Phil dissertation, 2010-11 (Guide: Dr. Sachin Chowdhry) | ||
| 650 | _aRisk management --IndiaB | ||
| 650 | _aInsurance policies --India | ||
| 650 | _aRural credit --India | ||
| 650 | _aicrofinance --India | ||
| 999 |
_c502361 _d502361 |
||